[Event "AUT-ch"]
[Site "Pinkafeld"]
[Date "2015.08.01"]
[Round "8"]
[White "Thoma, Wilhelm"]
[Black "Obermayr, Hermann"]
[Result "1/2-1/2"]
[WhiteElo "2115"]
[BlackElo "2157"]
[PlyCount "60"]
[EventDate "2015.07.25"]
[EventType "swiss"]
[EventRounds "9"]
[EventCountry "AUT"]
[SourceTitle "CBM 167 Extra"]
[Source "ChessBase"]
[SourceDate "2015.09.14"]
[SourceVersion "1"]
[SourceVersionDate "2015.09.14"]
[SourceQuality "1"]

1. Nf3 Nf6 2. c4 g6 3. Nc3 c5 4. e4 d6 5. d4 Na6 6. Be2 Bg7 7. 0-0 0-0 8. b3 Bg4 9. Be3 Qa5 10. Rc1 cxd4 11. Nxd4 Bxe2 12. Ndxe2 Rfd8 13. f3 e6 14. Qe1 Nb4 15. Qh4 Rd7 16. Rfd1 Ne8 17. Rd2 Rc8 18. Rcd1 Nc6 19. Nb5 a6 20. Nbd4 Nxd4 21. Bxd4 b5 22. Bxg7 Kxg7 23. cxb5 axb5 24. Qg3 Rdc7 25. Nd4 b4 26. f4 Rc3 27. Qh4 Qa7 28. Qf2 Qc5 29. Ne2 Rc2 30. Qxc5 R2xc5 1/2-1/2

[Event "AUT-ch"]
[Site "Pinkafeld"]
[Date "2015.07.31"]
[Round "7"]
[White "Knoll, Hermann"]
[Black "Thoma, Wilhelm"]
[Result "1-0"]
[WhiteElo "2309"]
[BlackElo "2115"]
[PlyCount "101"]
[EventDate "2015.07.25"]
[EventType "swiss"]
[EventRounds "9"]
[EventCountry "AUT"]
[SourceTitle "CBM 167 Extra"]
[Source "ChessBase"]
[SourceDate "2015.09.14"]
[SourceVersion "1"]
[SourceVersionDate "2015.09.14"]
[SourceQuality "1"]

1. d4 Nf6 2. Nf3 d5 3. c4 e6 4. Nc3 Nbd7 5. Bf4 Nh5 6. Bg5 f6 7. Bc1 f5 8. cxd5 exd5 9. Nxd5 c6 10. Nc3 Nhf6 11. Bf4 Nb6 12. a3 Nbd5 13. Nxd5 Qxd5 14. e3 Bd6 15. Bxd6 Qxd6 16. Bc4 Be6 17. Bxe6 Qxe6 18. 0-0 0-0 19. Rc1 h6 20. Ne5 Nd5 21. Qb3 Rab8 22. f3 Rfd8 23. Rfe1 Nc7 24. Qxe6+ Nxe6 25. f4 Rd5 26. b4 Rbd8 27. Kf2 Nf8 28. Rc5 g5 29. g3 Kg7 30. Rec1 Ne6 31. Rxd5 Rxd5 32. Nd3 Kf6 33. Nc5 Nxc5 34. bxc5 Ke6 35. Ke2 Rd7 36. Kd3 Kd5 37. fxg5 hxg5 38. Rf1 Rf7 39. Rxf5+ Rxf5 40. e4+ Ke6 41. exf5+ Kxf5 42. h3 Kf6 43. Ke4 Ke6 44. h4 gxh4 45. gxh4 b5 46. h5 a5 47. h6 Kf6 48. d5 cxd5+ 49. Kxd5 b4 50. axb4 a4 51. Kc4 1-0

[Event "AUT-ch"]
[Site "Pinkafeld"]
[Date "2015.07.30"]
[Round "6"]
[White "Thoma, Wilhelm"]
[Black "Schroll, Gerhard"]
[Result "1/2-1/2"]
[WhiteElo "2115"]
[BlackElo "2356"]
[PlyCount "152"]
[EventDate "2015.07.25"]
[EventType "swiss"]
[EventRounds "9"]
[EventCountry "AUT"]
[SourceTitle "CBM 167 Extra"]
[Source "ChessBase"]
[SourceDate "2015.09.14"]
[SourceVersion "1"]
[SourceVersionDate "2015.09.14"]
[SourceQuality "1"]

1. Nf3 d5 2. b3 Nf6 3. Bb2 Bg4 4. e3 Nbd7 5. Be2 e6 6. 0-0 Bd6 7. c4 c6 8. d4 0-0 9. Nbd2 Qe7 10. Ne5 Bxe2 11. Qxe2 Ba3 12. Ndf3 Nxe5 13. Nxe5 Bxb2 14. Qxb2 Nd7 15. Nxd7 Qxd7 16. Rac1 Rfe8 17. a3 Rad8 18. g3 Qe7 19. cxd5 Rxd5 20. b4 Red8 21. a4 h5 22. f4 Qf6 23. Rc4 Qg6 24. Qc2 Qg4 25. Rc5 h4 26. Qd1 Qh3 27. Qf3 hxg3 28. hxg3 Qh7 29. Rd1 Qg6 30. Rxd5 cxd5 31. Rc1 Qd3 32. Rc7 Qb1+ 33. Kg2 Qxb4 34. Qd1 Qb6 35. Qc2 g6 36. Qc5 Qb2+ 37. Kf3 Qa1 38. Qc1 Qxa4 39. Rxb7 Qa6 40. Qc7 Qf1+ 41. Kg4 Rf8 42. Rxa7 Qh1 43. Kg5 Qf3 44. Qe5 Qxg3+ 45. Kf6 Qh4+ 46. Qg5 Qh8+ 47. Ke7 Qg7 48. Kd6 Rb8 49. Qe7 Rc8 50. Rd7 Ra8 51. Kc6 Qf8 52. Qxf8+ Kxf8 53. Kd6 Ra3 54. Rd8+ Kg7 55. Ke7 Ra7+ 56. Kd6 Kf6 57. Rh8 Kf5 58. Rh7 Ke4 59. Rh3 Ra3 60. Rh7 Rxe3 61. Rxf7 Kxd4 62. Rf6 Kc3 63. Rxg6 d4 64. Rxe6 Rxe6+ 65. Kxe6 d3 66. f5 d2 67. f6 d1Q 68. Ke7 Qe2+ 69. Kf8 Kd4 70. f7 Qg4 71. Ke7 Qg5+ 72. Ke8 Qb5+ 73. Ke7 Qe5+ 74. Kd7 Qf5+ 75. Ke7 Qe5+ 76. Kd7 Qf5+ 1/2-1/2

[Event "AUT-ch"]
[Site "Pinkafeld"]
[Date "2015.07.25"]
[Round "1"]
[White "Thoma, Wilhelm"]
[Black "Schreiner, Peter"]
[Result "0-1"]
[WhiteElo "2115"]
[BlackElo "2439"]
[PlyCount "88"]
[EventDate "2015.07.25"]
[EventType "swiss"]
[EventRounds "9"]
[EventCountry "AUT"]
[SourceTitle "CBM 167 Extra"]
[Source "ChessBase"]
[SourceDate "2015.09.14"]
[SourceVersion "1"]
[SourceVersionDate "2015.09.14"]
[SourceQuality "1"]

1. d4 Nf6 2. c4 g6 3. Nc3 d5 4. cxd5 Nxd5 5. e4 Nxc3 6. bxc3 Bg7 7. Nf3 c5 8. Rb1 0-0 9. Be2 b6 10. Be3 Bb7 11. Qd3 Qc7 12. 0-0 Nc6 13. Rfd1 Rad8 14. Qc2 Na5 15. d5 Bc8 16. c4 Nb7 17. a4 e5 18. Nd2 f5 19. f3 f4 20. Bf2 g5 21. Nb3 a5 22. Nc1 Rf6 23. Na2 Bd7 24. Nc3 Nd6 25. Rb3 Rg6 26. Rdb1 Rb8 27. Qb2 Nc8 28. Nb5 Qd8 29. Qc3 h5 30. h3 Rb7 31. Qe1 Be8 32. Qd1 Kh7 33. Kf1 Bh6 34. Ke1 Rbg7 35. Kd2 g4 36. hxg4 hxg4 37. Kc1 gxf3 38. Bxf3 Rxg2 39. Bxg2 Rxg2 40. Qf1 f3+ 41. Be3 Qh4 42. R1b2 Qg4 43. Qd3 f2 44. Rb1 Bxe3+ 0-1

[Event "Lienz op-A 18th"]
[Site "Lienz"]
[Date "2015.02.09"]
[Round "4"]
[White "Horvath, Dominik"]
[Black "Thoma, Wilhelm"]
[Result "0-1"]
[WhiteElo "1962"]
[BlackElo "2071"]
[PlyCount "68"]
[EventDate "2015.02.07"]
[EventType "swiss"]
[EventRounds "9"]
[EventCountry "AUT"]
[SourceTitle "CBM 164 Extra"]
[Source "ChessBase"]
[SourceDate "2015.03.02"]
[SourceVersion "1"]
[SourceVersionDate "2015.03.02"]
[SourceQuality "1"]

1. e4 c5 2. Nf3 a6 3. b4 cxb4 4. a3 bxa3 5. Bxa3 Nc6 6. d4 d6 7. Bd3 Bg4 8. c3 g6 9. 0-0 Bg7 10. Nbd2 Nf6 11. h3 Bxf3 12. Nxf3 0-0 13. Qe2 Nd7 14. Rfb1 Qc7 15. Nd2 b5 16. e5 dxe5 17. d5 Na5 18. Bxe7 Rfe8 19. d6 Qb6 20. Bxb5 axb5 21. Rxb5 Qc6 22. Rbxa5 Rxa5 23. Rxa5 Bf8 24. Bxf8 Rxf8 25. Nc4 e4 26. Ra7 Rd8 27. Rc7 Qd5 28. Rxd7 Rxd7 29. Nb6 Qd3 30. Qxd3 exd3 31. Nc4 Rxd6 32. Nd2 Ra6 33. f3 Ra2 34. Nf1 Re2 0-1

[Event "Vienna op 18th"]
[Site "Vienna"]
[Date "2013.08.17"]
[Round "1"]
[White "Thoma, Wilhelm"]
[Black "Blechzin, Igor"]
[Result "1-0"]
[WhiteElo "2085"]
[BlackElo "2428"]
[PlyCount "108"]
[EventDate "2013.08.17"]
[EventType "swiss"]
[EventRounds "9"]
[EventCountry "AUT"]
[SourceTitle "CBM 156 Extra"]
[Source "ChessBase"]
[SourceDate "2013.10.22"]
[SourceVersion "1"]
[SourceVersionDate "2013.10.22"]
[SourceQuality "1"]

1. d4 Nf6 2. Nf3 g6 3. c4 Bg7 4. Nc3 0-0 5. e4 d6 6. Be2 e5 7. 0-0 Nbd7 8. d5 a5 9. Bg5 h6 10. Bh4 Nc5 11. Nd2 Qe8 12. Nb5 Qd7 13. f3 Nh5 14. Qc2 Nf4 15. Rfe1 Nxg2 16. Kxg2 Qh3+ 17. Kh1 Qxh4 18. Nxc7 Rb8 19. Nb5 Qe7 20. Rg1 h5 21. Nb3 b6 22. Nxc5 bxc5 23. Qd2 Ra8 24. Qg5 Qxg5 25. Rxg5 Bh6 26. Rgg1 Be3 27. Rgd1 Ra6 28. Rd3 Bf4 29. Kg2 h4 30. Ra3 Kg7 31. Nc7 Rb6 32. Nb5 Rh8 33. Rxa5 Kf6 34. Ra7 Be3 35. a4 Rh5 36. f4 h3+ 37. Kf1 Rh7 38. a5 Rb8 39. Nxd6 exf4 40. Rc7 Rxb2 41. Nxc8 f3 42. Bxf3 Rxh2 43. Ke1 Ke5 44. Rc6 Kf4 45. Rf6+ Ke5 46. a6 Rh8 47. Rc6 Rg2 48. Ra3 Kd4 49. Nd6 Rg1+ 50. Ke2 Rg2+ 51. Bxg2 hxg2 52. Rd3+ Ke5 53. Nxf7+ Kf4 54. Rf6+ Kxe4 1-0

[Event "Vienna Husek op-A"]
[Site "Vienna"]
[Date "2012.08.16"]
[Round "4"]
[White "Pisu, Robert Daniel"]
[Black "Thoma, Wilhelm"]
[Result "1-0"]
[WhiteElo "2033"]
[BlackElo "2114"]
[PlyCount "57"]
[EventDate "2012.08.13"]
[EventType "swiss"]
[EventRounds "7"]
[EventCountry "AUT"]
[SourceTitle "EXT 2014"]
[Source "ChessBase"]
[SourceDate "2013.11.20"]
[SourceVersion "1"]
[SourceVersionDate "2013.11.20"]
[SourceQuality "1"]

1. d4 d5 2. Nf3 c6 3. g3 Nf6 4. Bg2 Bg4 5. Ne5 Bf5 6. c4 Nbd7 7. Nc3 e6 8. Bg5 Be7 9. cxd5 exd5 10. Bxf6 Nxf6 11. 0-0 0-0 12. a3 Bd6 13. f4 a5 14. Rc1 Re8 15. h3 h5 16. e3 Qe7 17. Kh2 Rac8 18. Bf3 Rc7 19. g4 hxg4 20. hxg4 Be4 21. g5 Bxf3 22. Qxf3 Bxe5 23. dxe5 Nd7 24. Nxd5 cxd5 25. Rxc7 Qe6 26. Rfc1 Nb6 27. Qh3 Nc4 28. Qxe6 fxe6 29. Rxb7 1-0

[Event "Vienna Husek op-A"]
[Site "Vienna"]
[Date "2012.08.15"]
[Round "3"]
[White "Thoma, Wilhelm"]
[Black "Fauland, Alexander"]
[Result "0-1"]
[WhiteElo "2114"]
[BlackElo "2448"]
[PlyCount "78"]
[EventDate "2012.08.13"]
[EventType "swiss"]
[EventRounds "7"]
[EventCountry "AUT"]
[SourceTitle "CBM 149 Extra"]
[Source "ChessBase"]
[SourceDate "2012.08.24"]
[SourceVersion "1"]
[SourceVersionDate "2012.08.24"]
[SourceQuality "1"]

1. d4 Nf6 2. c4 c5 3. d5 e6 4. Nc3 a6 5. e4 d6 6. Nf3 exd5 7. cxd5 Bg4 8. Be2 Bxf3 9. Bxf3 Nbd7 10. a4 g6 11. 0-0 Bg7 12. Bf4 Qe7 13. Qd2 0-0 14. Rfe1 Rab8 15. Be2 Ne8 16. Bf1 Bd4 17. Be3 Bxe3 18. Rxe3 Ng7 19. Rh3 g5 20. f4 gxf4 21. Qxf4 Qf6 22. Qe3 Rfe8 23. Kh1 Nf5 24. Qf3 Ng7 25. Qe3 Re5 26. Be2 Rg5 27. Rf1 Qe7 28. Rh6 Nf5 29. Rxf5 Rxf5 30. Qh3 Rf6 31. Rxh7 Nf8 32. Rh8+ Kg7 33. Bf3 Qe5 34. Qh4 b5 35. a5 c4 36. h3 Qf4 37. Bg4 Qc1+ 38. Kh2 Rf1 39. Nd1 Qf4+ 0-1

[Event "Niederoesterreich Landesliga 0506"]
[Site "Austria"]
[Date "2006.04.23"]
[Round "13"]
[White "Herndlbauer, Martin"]
[Black "Thoma, Wilhelm"]
[Result "1-0"]
[WhiteElo "2044"]
[BlackElo "2095"]
[PlyCount "67"]
[EventDate "2005.09.18"]
[EventType "team-tourn"]
[EventRounds "13"]
[EventCountry "AUT"]
[SourceTitle "EXT 2022"]
[Source "ChessBase"]
[SourceDate "2021.10.06"]
[SourceVersion "1"]
[SourceVersionDate "2021.10.06"]
[SourceQuality "1"]

1. e4 e6 2. d3 d5 3. Nd2 Nf6 4. Ngf3 c5 5. g3 Be7 6. Bg2 Nc6 7. 0-0 0-0 8. e5 Nd7 9. Re1 b5 10. h4 a5 11. Nf1 Ba6 12. Bf4 a4 13. a3 Qb6 14. N1h2 b4 15. Ng5 c4 16. dxc4 Bxc4 17. Qh5 Bxg5 18. hxg5 bxa3 19. bxa3 Rfb8 20. Ng4 Qd8 21. Rad1 Qe8 22. Nf6+ Nxf6 23. exf6 Rb5 24. Bd6 Rd8 25. Be4 dxe4 26. Rxe4 Rxd6 27. Rxd6 Bd5 28. Rxd5 Rxd5 29. Rh4 h6 30. fxg7 Ne5 31. Qxh6 Nf3+ 32. Kg2 Nxh4+ 33. gxh4 f6 34. Qh8+ 1-0

[Event "AUT-chT2O 0304"]
[Site "Austria"]
[Date "2003.12.07"]
[Round "6.3"]
[White "Thoma, Wilhelm"]
[Black "Hangweyrer, Manfred"]
[Result "0-1"]
[WhiteElo "2161"]
[BlackElo "2303"]
[PlyCount "92"]
[EventDate "2003.10.25"]
[EventType "team-tourn"]
[EventRounds "11"]
[EventCountry "AUT"]
[SourceTitle "EXT 2005"]
[Source "ChessBase"]
[SourceDate "2004.11.15"]
[SourceVersion "1"]
[SourceVersionDate "2004.11.15"]
[SourceQuality "1"]
[WhiteTeam "Mauerbach"]
[BlackTeam "Stockerau"]
[WhiteTeamCountry "AUT"]
[BlackTeamCountry "AUT"]

1. d4 Nf6 2. Nf3 d6 3. c4 Nbd7 4. Nc3 e5 5. e4 c6 6. g3 Be7 7. Bg2 0-0 8. 0-0 a6 9. a4 a5 10. h3 Re8 11. Be3 Bf8 12. Qc2 exd4 13. Nxd4 Nc5 14. Rad1 Qc7 15. Rfe1 h6 16. Kh2 Bd7 17. f4 Rad8 18. Nb3 Nxb3 19. Qxb3 Ra8 20. Bd4 Be7 21. Rd2 Be6 22. Red1 Ra6 23. Qa2 Nh7 24. b3 Raa8 25. Qc2 f6 26. Qd3 Nf8 27. Qf3 Nd7 28. Ne2 Bf7 29. Bb2 Nc5 30. Ba3 Nxe4 31. Qxe4 d5 32. Qc2 Bxa3 33. cxd5 Bb4 34. Rd4 Qb6 35. dxc6 bxc6 36. Nc1 Rac8 37. Qf5 Qc5 38. Be4 g6 39. Qd7 Bc3 40. R4d3 Qf2+ 41. Kh1 Kg7 42. Bxc6 Re1+ 43. Rxe1 Qxe1+ 44. Kg2 Qxc1 45. Rxc3 Qxc3 46. Qxc8 Bd5+ 0-1

[Event "AUT-chT2O 0304"]
[Site "Austria"]
[Date "2003.10.26"]
[Round "2.4"]
[White "Thoma, Wilhelm"]
[Black "Franzen, Jozef"]
[Result "1/2-1/2"]
[WhiteElo "2161"]
[BlackElo "2402"]
[PlyCount "52"]
[EventDate "2003.10.25"]
[EventType "team-tourn"]
[EventRounds "11"]
[EventCountry "AUT"]
[SourceTitle "EXT 2005"]
[Source "ChessBase"]
[SourceDate "2004.11.15"]
[SourceVersion "1"]
[SourceVersionDate "2004.11.15"]
[SourceQuality "1"]
[WhiteTeam "Mauerbach"]
[BlackTeam "Donau Schach Mattes"]
[WhiteTeamCountry "AUT"]
[BlackTeamCountry "AUT"]

1. d4 Nf6 2. Nf3 d6 3. c4 Nbd7 4. Nc3 e5 5. g3 g6 6. Bg2 Bg7 7. 0-0 0-0 8. Qc2 c6 9. e4 exd4 10. Nxd4 Nc5 11. Nb3 Ne6 12. h3 Qe7 13. Be3 Nd7 14. f4 Ndc5 15. Rad1 Nxb3 16. Qxb3 Nc5 17. Qc2 f5 18. Bd4 Nxe4 19. Nxe4 fxe4 20. Bxg7 Kxg7 21. Rfe1 Qf6 22. b3 Re8 23. Qd2 Be6 24. Rxe4 Rad8 25. Rd4 d5 26. cxd5 cxd5 1/2-1/2

[Event "AUT-chT2O 0304"]
[Site "Austria"]
[Date "2003.10.25"]
[Round "1.4"]
[White "Kuthan, Andreas"]
[Black "Thoma, Wilhelm"]
[Result "1/2-1/2"]
[WhiteElo "2237"]
[BlackElo "2161"]
[PlyCount "29"]
[EventDate "2003.10.25"]
[EventType "team-tourn"]
[EventRounds "11"]
[EventCountry "AUT"]
[SourceTitle "EXT 2005"]
[Source "ChessBase"]
[SourceDate "2004.11.15"]
[SourceVersion "1"]
[SourceVersionDate "2004.11.15"]
[SourceQuality "1"]
[WhiteTeam "Pamhagen SV Raiba"]
[BlackTeam "Mauerbach"]
[WhiteTeamCountry "AUT"]
[BlackTeamCountry "AUT"]

1. e4 c5 2. c3 d5 3. exd5 Qxd5 4. d4 Nf6 5. Nf3 Bg4 6. Be2 e6 7. h3 Bh5 8. 0-0 Nc6 9. Be3 cxd4 10. cxd4 Be7 11. Nc3 Qd6 12. Qb3 0-0 13. Rfd1 Rfd8 14. a3 Rac8 15. Rac1 1/2-1/2

[Event "Vienna op 14th"]
[Site "Vienna"]
[Date "2003.08.22"]
[Round "7"]
[White "Thoma, Wilhelm"]
[Black "Van der Plas, Rob"]
[Result "1/2-1/2"]
[WhiteElo "2155"]
[BlackElo "2209"]
[PlyCount "52"]
[EventDate "2003.08.16"]
[EventType "swiss"]
[EventRounds "9"]
[EventCountry "AUT"]
[SourceTitle "CBM 095 Extra"]
[Source "ChessBase"]
[SourceDate "2003.09.04"]
[SourceVersion "1"]
[SourceVersionDate "2003.09.04"]
[SourceQuality "1"]

1. d4 e6 2. Nf3 d5 3. c4 c6 4. cxd5 exd5 5. Nc3 Nf6 6. Bg5 Be7 7. e3 h6 8. Bxf6 Bxf6 9. h3 Bf5 10. Bd3 Bxd3 11. Qxd3 0-0 12. 0-0 g6 13. b4 a6 14. a4 Nd7 15. b5 axb5 16. axb5 Ra5 17. bxc6 bxc6 18. Qc2 Qa8 19. Rxa5 Qxa5 20. Rc1 Bg7 21. Ne2 Rc8 22. Nf4 Bf8 23. Nd2 Nb6 24. Nd3 Bd6 25. Qc3 Qxc3 26. Rxc3 Kf8 1/2-1/2

[Event "Vienna op 14th"]
[Site "Vienna"]
[Date "2003.08.20"]
[Round "5"]
[White "Thoma, Wilhelm"]
[Black "Bensch, Patrick"]
[Result "1/2-1/2"]
[WhiteElo "2155"]
[BlackElo "2302"]
[PlyCount "144"]
[EventDate "2003.08.16"]
[EventType "swiss"]
[EventRounds "9"]
[EventCountry "AUT"]
[SourceTitle "CBM 095 Extra"]
[Source "ChessBase"]
[SourceDate "2003.09.04"]
[SourceVersion "1"]
[SourceVersionDate "2003.09.04"]
[SourceQuality "1"]

1. d4 Nf6 2. Nf3 g6 3. c4 Bg7 4. Nc3 d5 5. Qb3 dxc4 6. Qxc4 0-0 7. e4 Bg4 8. Be3 Nfd7 9. Be2 Nb6 10. Qc5 N8d7 11. Qa3 c6 12. Rd1 Re8 13. Qb3 Bxf3 14. Bxf3 Qc7 15. e5 e6 16. 0-0 a5 17. Rc1 a4 18. Qc2 Bf8 19. Qe2 Nc8 20. h4 Qa5 21. h5 a3 22. b3 Ne7 23. Be4 Nf5 24. Qg4 Bb4 25. Nd1 Nf8 26. Qh3 Rad8 27. Bxf5 exf5 28. Qh4 Ne6 29. f4 Nxd4 30. Bxd4 Rxd4 31. Rf3 Qd8 32. Qxd8 Rexd8 33. Nf2 Bd2 34. Rc4 Rxc4 35. bxc4 Rd4 36. Rxa3 Bxf4 37. Rb3 Rxc4 38. Nd3 Be3+ 39. Kf1 b5 40. Nb2 Re4 41. Nd3 f4 42. Rc3 c5 43. hxg6 fxg6 44. Nxc5 Rxe5 45. Nd7 Re7 46. Nf6+ Kg7 47. Nd5 Ra7 48. Nxe3 fxe3 49. a3 Rf7+ 50. Ke1 Rf2 51. g4 Rg2 52. Rc7+ Kh6 53. Rb7 Rxg4 54. Rxb5 Re4 55. Rb4 Re5 56. a4 Kg5 57. Rb3 Kf4 58. Ke2 Re4 59. Ra3 h5 60. a5 g5 61. a6 Re8 62. Ra4+ Kg3 63. Ra5 Kh4 64. a7 Ra8 65. Kxe3 Kg4 66. Ra4+ Kg3 67. Ra5 g4 68. Ke4 h4 69. Kf5 Kh3 70. Kf4 g3 71. Ra3 Kh2 72. Kg4 g2 1/2-1/2

[Event "Vienna op 14th"]
[Site "Vienna"]
[Date "2003.08.19"]
[Round "4"]
[White "Martyn, Rafe"]
[Black "Thoma, Wilhelm"]
[Result "1/2-1/2"]
[WhiteElo "2266"]
[BlackElo "2155"]
[PlyCount "128"]
[EventDate "2003.08.16"]
[EventType "swiss"]
[EventRounds "9"]
[EventCountry "AUT"]
[SourceTitle "CBM 095 Extra"]
[Source "ChessBase"]
[SourceDate "2003.09.04"]
[SourceVersion "1"]
[SourceVersionDate "2003.09.04"]
[SourceQuality "1"]

1. d4 Nf6 2. c4 e6 3. g3 d5 4. Nf3 Be7 5. Bg2 0-0 6. 0-0 dxc4 7. Qc2 a6 8. Qxc4 b5 9. Qc2 Bb7 10. Bd2 Nc6 11. e3 Nb4 12. Bxb4 Bxb4 13. a3 Bd6 14. Nbd2 Qe7 15. Rac1 Rfc8 16. e4 e5 17. dxe5 Bxe5 18. Bh3 Rd8 19. Nxe5 Qxe5 20. Qxc7 Qxc7 21. Rxc7 Rxd2 22. Rxb7 Nxe4 23. Bg2 f5 24. Rc1 Rad8 25. Rcc7 Rd1+ 26. Bf1 Nd2 27. Rxg7+ Kh8 28. Rxh7+ Kg8 29. Rbg7+ Kf8 30. Rf7+ Kg8 31. Rhg7+ Kh8 32. Rh7+ Kg8 33. Rfg7+ Kf8 34. Ra7 Kg8 35. Rhg7+ Kh8 36. Rh7+ Kg8 37. Kg2 Nxf1 38. Rag7+ Kf8 39. Rf7+ Kg8 40. Rfg7+ Kf8 41. Ra7 Kg8 42. Rhg7+ Kh8 43. Rgf7 Nd2 44. Rxf5 Nc4 45. Rxa6 R1d2 46. Rh5+ Kg7 47. Rg5+ Kh7 48. Ra7+ Kh6 49. Rxb5 Rf8 50. Ra6+ Kg7 51. Rb7+ Kg8 52. Kh3 Rdxf2 53. Raa7 Re8 54. Rg7+ Kf8 55. Rh7 Kg8 56. Rag7+ Kf8 57. Rc7 Kg8 58. Rhe7 Rxe7 59. Rxe7 Rxb2 60. Ra7 Ne5 61. g4 Nf3 62. a4 Nxh2 63. a5 Ra2 64. a6 Nf3 1/2-1/2

[Event "Budapest FS02 IM-B+"]
[Site "Budapest"]
[Date "1995.??.??"]
[Round "2"]
[White "Izsak, Gyula"]
[Black "Thoma, Wilhelm"]
[Result "1-0"]
[WhiteElo "2445"]
[BlackElo "2195"]
[PlyCount "59"]
[EventDate "1995.02.??"]
[EventType "tourn"]
[EventRounds "10"]
[EventCountry "HUN"]
[EventCategory "6"]
[SourceTitle "CBM 046 Extra"]
[Source "ChessBase"]
[SourceDate "1995.07.01"]
[SourceVersion "1"]
[SourceVersionDate "1995.07.01"]
[SourceQuality "1"]

1. d4 Nf6 2. c4 e6 3. Nc3 Bb4 4. Bd2 0-0 5. Nf3 b6 6. Rc1 Bb7 7. e3 d6 8. Bd3 Bxc3 9. Bxc3 Ne4 10. 0-0 Nd7 11. Bb4 f5 12. Qc2 Rf6 13. d5 Ndc5 14. Bxc5 Nxc5 15. Nd4 Nxd3 16. Qxd3 Bc8 17. dxe6 g6 18. e4 f4 19. Qf3 Bxe6 20. Nxe6 Rxe6 21. Qxf4 Qe8 22. f3 Qa4 23. a3 Re5 24. Qd2 a5 25. f4 Rc5 26. f5 Qe8 27. Qh6 Rd8 28. Rc3 Qxe4 29. Re3 Qd4 30. fxg6 1-0

[Event "Budapest FS02 IM-B+"]
[Site "Budapest"]
[Date "1995.??.??"]
[Round "4"]
[White "Lengyel, Bela"]
[Black "Thoma, Wilhelm"]
[Result "1-0"]
[WhiteElo "2320"]
[BlackElo "2195"]
[PlyCount "63"]
[EventDate "1995.02.??"]
[EventType "tourn"]
[EventRounds "10"]
[EventCountry "HUN"]
[EventCategory "6"]
[SourceTitle "CBM 046 Extra"]
[Source "ChessBase"]
[SourceDate "1995.07.01"]
[SourceVersion "1"]
[SourceVersionDate "1995.07.01"]
[SourceQuality "1"]

1. e4 e6 2. d4 d5 3. Nc3 dxe4 4. Nxe4 Nf6 5. Bd3 Be7 6. Nf3 Nxe4 7. Bxe4 Nd7 8. c3 Nf6 9. Bc2 c5 10. 0-0 0-0 11. Bg5 cxd4 12. Nxd4 Nd5 13. Qd3 f5 14. Bxe7 Qxe7 15. Rfe1 Qf6 16. Bb3 Kh8 17. Bxd5 exd5 18. f4 Bd7 19. Re5 Qf7 20. Rae1 Rae8 21. Kf2 g6 22. Nf3 Bc6 23. Qd4 Qf6 24. Re7 Qxd4+ 25. Nxd4 Rxe7 26. Rxe7 Rb8 27. g3 Kg8 28. Ke3 Ba4 29. Nf3 a5 30. Ne5 Bc2 31. Kd4 Bb1 32. Nd7 1-0

[Event "Budapest FS02 IM-B+"]
[Site "Budapest"]
[Date "1995.??.??"]
[Round "1"]
[White "Thoma, Wilhelm"]
[Black "Kahn, Evarth"]
[Result "0-1"]
[WhiteElo "2195"]
[BlackElo "2400"]
[PlyCount "46"]
[EventDate "1995.02.??"]
[EventType "tourn"]
[EventRounds "10"]
[EventCountry "HUN"]
[EventCategory "6"]
[SourceTitle "CBM 046 Extra"]
[Source "ChessBase"]
[SourceDate "1995.07.01"]
[SourceVersion "1"]
[SourceVersionDate "1995.07.01"]
[SourceQuality "1"]

1. d4 Nf6 2. c4 g6 3. Nc3 Bg7 4. e4 d6 5. f4 0-0 6. Nf3 c5 7. d5 e6 8. Be2 exd5 9. cxd5 Re8 10. e5 dxe5 11. fxe5 Ng4 12. Bg5 Qb6 13. 0-0 Nxe5 14. Nxe5 Bxe5 15. Qd2 Nd7 16. Rad1 a6 17. Kh1 Bd4 18. Qf4 f5 19. Bc4 Ne5 20. Rfe1 Qd6 21. Bb3 Bd7 22. Qh4 Ng4 23. Rf1 Be3 0-1